005860000a2200157000450000500170000000800410001704100080005808000150006610000260008124501040010726000480021130000160025950200980027565000280037365000270040120240229153758.0230817t ||||| |||| 00| 0 eng d aeng a331.4bGAM aGamburd, Michele Ruth aHousemaids at home and abroad: blabour migration and social transformation in a Sri Lankan village aMichigan:bUMI Dissertation Services,c1995 axi., 308 p. gSubmitted to The University of Michigan for the degree of Doctor of Philosophy (Anthropology) aWOMEN WORKERS-Sri Lanka aAnthropology, Cultural